00830 a2200193 4500003000500000005001700005040000900022082001200031100002800043245004300071260004000114300001100154505016100165650001300326942002100339999001900360952013600379952012100515NUST20230127184543.0 cNust a909,SOM aToynbee, Arnold J96611 aA Study of History /cArnold J Toynbee aIslamabadbNational Book Foundation a615:p. aIntroduction (Page-1), The Geneses of Civilizations (Page-48), The Breakdowns of Civilizations (Page-244), The Disintegrations of Civilizations (Page-360).  a History 2ddccBKk909,SOM c186128d186128 00102ddc4070aMCSbMCScGENd2016-12-12l1o909,SOMpMCS34321r2024-03-11s2024-03-04w2016-12-12yBKzAlmirah No.58, Shelf No.3 00102ddc4070aMCSbMCScGENd2016-12-12o909,SOMpMCS34322r2016-12-08w2016-12-12yBKzAlmirah No 75, Shelf No 5